000 00589 a2200217 4500
005 20250508094652.0
008 250507b |||||||| |||| 00| 0 eng d
020 _a9783031075810
_c£ 49.99
040 _aMAIN
082 _a615.7922
_bB469(2)
100 _aBhattacharjee, Mrinal K
245 _aChemistry of antibiotics and related drugs
250 _a2nd
260 _bSpringer
_c2016
_aSwitzerland
300 _axiii, 268
650 _aPharmaceutical Science
650 _xAntibiotics Drugs
650 _xAntibiotic Stewardship
650 _xEnzyme Mechanisms
942 _cBK
999 _c360853
_d360853